000 00539nam a22001937a 4500
003 MPLRDC
005 20220104125607.0
008 210129b ||||| |||| 00| 0 eng d
020 _a978-986-229-813-8
082 _a859.9 WDDY v.30 c.2
100 _aGOMDORI CO,;姜境孝 图
245 _a瑞典寻宝记
_c徐月珠 译
250 _a初版
260 _a台湾
_b三采文化出版事业有限公司
_c2012
300 _b193
490 _a世界历史探险系列: 30
650 _a儿童文学
942 _cBK
_o859.9 WDDY v.30 c.2
999 _c28590
_d28580